[Event "HUN-chT1 Maroczy 2324"]
[Site "Hungary"]
[Date "2023.10.15"]
[Round "2.12"]
[White "Kacsandi, Lili Fruzsina"]
[Black "Pocsik, Gergo"]
[Result "1/2-1/2"]
[WhiteElo "1785"]
[BlackElo "1795"]
[PlyCount "91"]
[EventDate "2023.10.08"]
[EventType "team-tourn"]
[EventRounds "11"]
[EventCountry "HUN"]
[SourceTitle "EXT 2025"]
[Source "ChessBase"]
[SourceDate "2024.10.14"]
[SourceVersion "1"]
[SourceVersionDate "2024.10.14"]
[SourceQuality "1"]
[WhiteTeam "Pitypalatty"]
[BlackTeam "Debrecen Sakkiskola"]
[WhiteTeamCountry "HUN"]
[BlackTeamCountry "HUN"]

1. e4 c5 2. Nc3 g6 3. g3 Bg7 4. Bg2 Nc6 5. d3 Nf6 6. h3 0-0 7. Be3 b6 8. Qd2 e6 9. g4 d5 10. Bg5 Ne7 11. Qf4 Ne8 12. exd5 f6 13. d6 fxg5 14. dxe7 Qxe7 15. Qxf8+ Kxf8 16. Bxa8 Bb7 17. Bxb7 Qxb7 18. f3 b5 19. Rb1 b4 20. Ne4 Qd5 21. b3 Nd6 22. Ne2 a5 23. 0-0 Nb5 24. Rbd1 Na3 25. Rd2 Bd4+ 26. Nxd4 Qxd4+ 27. Rff2 h6 28. Kg2 Nb5 29. f4 gxf4 30. Rxf4+ Kg7 31. Rdf2 Nd6 32. Nxd6 Qxd6 33. Rf7+ Kg8 34. R2f4 e5 35. R7f6 Qd5+ 36. Re4 Kg7 37. Ra6 Qd8 38. Rxe5 Qd4 39. Rae6 Qb2 40. Rxc5 Qc1 41. Rc7+ Kf8 42. Rf6+ Ke8 43. Rff7 h5 44. Rce7+ Kd8 45. Re5 hxg4 46. hxg4 1/2-1/2

[Event "HUN-chT2 Barcza 2223"]
[Site "Hungary"]
[Date "2023.03.12"]
[Round "5.6"]
[White "Orso, Janos"]
[Black "Pocsik, Gergo"]
[Result "1-0"]
[WhiteElo "1960"]
[BlackElo "1804"]
[PlyCount "69"]
[EventDate "2022.11.20"]
[EventType "team-tourn"]
[EventRounds "7"]
[EventCountry "HUN"]
[SourceTitle "EXT 2025"]
[Source "ChessBase"]
[SourceDate "2024.10.14"]
[SourceVersion "1"]
[SourceVersionDate "2024.10.14"]
[SourceQuality "1"]
[WhiteTeam "Nyiregyhaza ESE"]
[BlackTeam "Debrecen Sakkbaratok"]
[WhiteTeamCountry "HUN"]
[BlackTeamCountry "HUN"]

1. d4 Nf6 2. Nf3 c5 3. Nc3 cxd4 4. Nxd4 d5 5. g3 e5 6. Nf3 Nc6 7. Bg2 h6 8. 0-0 Be7 9. b3 0-0 10. Bb2 Be6 11. e3 Rc8 12. Ne2 Qc7 13. Rc1 Rfd8 14. c3 Qa5 15. a4 b5 16. axb5 Qxb5 17. Re1 Rb8 18. Nd2 Na5 19. Bf1 Qb6 20. Ba1 Ba3 21. b4 Nc6 22. Rb1 a5 23. b5 Na7 24. Qa4 Bc5 25. Nc1 Bd6 26. Nf3 Ne4 27. Nd3 f6 28. Nc1 Rdc8 29. Na2 Rc4 30. Bxc4 dxc4 31. Rbd1 Bg4 32. Qxc4+ Kh8 33. Qxe4 f5 34. Qd5 Rd8 35. Nxe5 1-0

[Event "HUN-chT2 Erkel 1516"]
[Site "Hungary"]
[Date "2015.11.08"]
[Round "4.11"]
[White "Hortobagyi, Attila"]
[Black "Pocsik, Gergo"]
[Result "1-0"]
[WhiteElo "1684"]
[BlackElo "1818"]
[PlyCount "45"]
[EventDate "2015.09.13"]
[EventType "team-tourn"]
[EventRounds "11"]
[EventCountry "HUN"]
[SourceTitle "CBM 170 Extra"]
[Source "ChessBase"]
[SourceDate "2016.02.25"]
[SourceVersion "1"]
[SourceVersionDate "2016.02.25"]
[SourceQuality "1"]
[WhiteTeam "Budapest MTK II"]
[BlackTeam "Andornaktalya"]
[WhiteTeamCountry "HUN"]
[BlackTeamCountry "HUN"]

1. e4 c5 2. g3 g6 3. Bg2 Bg7 4. f4 Nc6 5. Nf3 e5 6. fxe5 Nxe5 7. 0-0 Ne7 8. d3 0-0 9. Nxe5 Bxe5 10. Bg5 Bxb2 11. c3 Bxa1 12. Bf6 h6 13. Qd2 Kh7 14. Rf4 Qe8 15. Rh4 Ng8 16. e5 d6 17. Qe3 Qb5 18. Nd2 Bxc3 19. Ne4 Qb1+ 20. Bf1 h5 21. Ng5+ Kh6 22. Ne6+ Kh7 23. Nxf8# 1-0